000 00824nam a2200229 a 4500
999 _c691
_d691
001 691
003 BD-JhCC
005 20180215084613.0
008 171008s19941999bg a|||| ||a| 00| 0 ben d
020 _a9844650305
035 _a(BD-JhCC)691
040 _aBD-JhCC
_dBD-JhCC
041 _aben
082 _a954.9205
_bMUK 1999
245 _aমুক্তিযুদ্ধের আঞ্চলিক ইতিহাস /
_cআবু মোহাম্মদ দেলোয়ার হোসেন, সম্পাদিত
260 _aঢাকা:
_bসাহিত্য প্রকাশ;
_c1999
300 _a224 p.;
_c22cm.
650 _aLiberation War, 1971
_xHistory
_zBangladesh
700 _aহোসেন, আবু মোহাম্মদ দেলোয়ার
942 _2ddc
_cBK